Autos sacramentales : El divino Narciso- San Hermenegildo

Kaydedildi:
Detaylı Bibliyografya
Asıl Yazarlar: Juana Inés de la Cruz, Sor, 1651-1695, Fernández, Sergio, prólogo, Méndez Plancarate, Alfonso, notas
Materyal Türü: Bilinmiyor
Baskı/Yayın Bilgisi: México, D. F.: Dirección General de publicaciones, UNAM, 1970
Edisyon:1. edición
Seri Bilgileri:Serie Biblioteca del Estudiante Universitario ; número 92
Konular:
Etiketler: Etiketle
Etiket eklenmemiş, İlk siz ekleyin!

MARC

LEADER 000000000a22000000004500
001 000930
041 0 |a español 
092 0 |a M861.1 J91as Fotocopia 
100 1 |a Juana Inés de la Cruz, Sor, 1651-1695 
100 1 |a Fernández, Sergio, prólogo 
100 1 |a Méndez Plancarate, Alfonso, notas 
245 1 0 |a Autos sacramentales : El divino Narciso- San Hermenegildo 
250 |a 1. edición 
260 |a México, D. F.:   |b Dirección General de publicaciones, UNAM,   |c 1970 
300 |a xxxvii, 113 páginas 
440 |a Serie Biblioteca del Estudiante Universitario ;   |v número 92 
500 |a Número de inscripción00899 
650 4 |a LITERATURA MEXICANA 
650 4 |a DE LA CRUZ, JUANA INES, SOR, 1651-1695 
999 |c 1702  |d 1702